Starnutie v zamestnaní Návrh Európskeho kódexu dobrej praxe
Návrh Európskeho kódexu dobrej praxe s názvom Starnutie v zamestnaní obsahuje odporúčania na riešenie problémov spojených so starnutím pracovných síl, na odstránenie v praxi diskriminácie na základe veku, na praktické uplatňovanie smernice Rady Európskej únie č. 2000/78/ES z 27. novembra 2000, ktorá...
Salvato in:
| Autore principale: | |
|---|---|
| Natura: | Capitolo di libro |
| Lingua: | slovacco |
| Soggetti: | |
| Tags: |
Nessun Tag, puoi essere il primo ad aggiungerne!!
|
MARC
| LEADER | 00000naa a2200000 4500 | ||
|---|---|---|---|
| 001 | r044769 | ||
| 005 | 20230807083603.0 | ||
| 041 | 0 | |a slo | |
| 044 | |a SK | ||
| 245 | 1 | 0 | |a Starnutie v zamestnaní Návrh Európskeho kódexu dobrej praxe |c Marta Hrebíčková |
| 520 | |a Návrh Európskeho kódexu dobrej praxe s názvom Starnutie v zamestnaní obsahuje odporúčania na riešenie problémov spojených so starnutím pracovných síl, na odstránenie v praxi diskriminácie na základe veku, na praktické uplatňovanie smernice Rady Európskej únie č. 2000/78/ES z 27. novembra 2000, ktorá ustanovuje všeobecný rámec na rovnaké zaobchádzanie v zamestnaní a v povolaní. | ||
| 610 | 2 | 0 | |a starostlivosť o prestárlych |
| 610 | 2 | 0 | |a trh práce |
| 610 | 2 | 0 | |a diskriminácia pracovná |
| 610 | 2 | 0 | |a zamestnanie |
| 610 | 2 | 0 | |a Európska únia |
| 610 | 2 | 0 | |a kódexy |
| 610 | 2 | 0 | |a vek produktívny |
| 100 | 1 | |a Hrebíčková, Marta | |